Statistics for Michael Jackson Songs Quiz

Click here to take the quiz!

General Stats

  • This quiz has been taken 15,413 times
    (15,403 since last reset)
  • The average score is 9 of 29

Answer Stats

AlbumSong% Correct
ThrillerThriller
97%
BadBad
90%
ThrillerBillie Jean
82%
ThrillerBeat It
67%
Off the WallOff the Wall
58%
BadSmooth Criminal
57%
BadMan in the Mirror
55%
BadDirty Diana
37%
ThrillerP.Y.T. (Pretty Young Thing)
35%
BadThe Way You Make Me Feel
33%
Off the WallDon't Stop 'til You Get Enough
33%
Off the WallRock with You
32%
ThrillerThe Girl is Mine
25%
ThrillerHuman Nature
25%
ThrillerWanna Be Startin' Somethin'
24%
BadLiberian Girl
18%
BadI Just Can't Stop Loving You
16%
BadSpeed Demon
16%
Off the WallShe's Out of My Life
16%
ThrillerBaby Be Mine
13%
Off the WallWorkin' Day and Night
12%
ThrillerThe Lady in My Life
12%
BadAnother Part of Me
12%
Off the WallGirlfriend
11%
BadJust Good Friends
10%
Off the WallGet on the Floor
9%
Off the WallI Can't Help It
8%
Off the WallBurn This Disco Out
8%
Off the WallIt's the Falling in Love
7%

Score Distribution

Percentile by Number Answered

Percent of People with Each Score

Your Score History

You have not taken this quiz since the last reset